Integrating seaports and trade corridors
Αποθηκεύτηκε σε:
| Άλλοι συγγραφείς: | |
|---|---|
| Μορφή: | Βιβλίο |
| Γλώσσα: | English |
| Δημοσίευση: |
Surrey :
Ashgate,
c2011.
|
| Σειρά: | Transport and mobility series
|
| Θέματα: | |
| Ετικέτες: |
Προσθήκη ετικέτας
Δεν υπάρχουν, Καταχωρήστε ετικέτα πρώτοι!
|
MARC
| LEADER | 00000cam a2200000 a 4500 | ||
|---|---|---|---|
| 001 | 1/111506 | ||
| 008 | 160824t2011####uk | ||| |||| ||eng|| | ||
| 020 | |a 9781409404002 |q (σκληρό εξώφυλλο) | ||
| 040 | |a GR-MyUa |b gre |c GR-MyUa |e AACR2 | ||
| 041 | 0 | |a eng | |
| 082 | 7 | |a 387.544 |2 (23) | |
| 245 | 0 | 0 | |a Integrating seaports and trade corridors / |c edited by Peter Hall ... [et al.]. |
| 260 | |a Surrey : |b Ashgate, |c c2011. | ||
| 300 | |a xviii, 292 σ. : |b διαγρ., πίν. ; |c 24 εκ. | ||
| 490 | 1 | |a (Transport and mobility series) | |
| 504 | |a Βιβλιογραφία: σ. 261-284. | ||
| 650 | 0 | |a Harbors. | |
| 504 | |a Ευρετήριο: σ. 285-292. | ||
| 650 | 0 | |a Shipping. | |
| 650 | 0 | |a Trade routes. | |
| 650 | 0 | |a Infrastructure (Economics) | |
| 650 | 0 | |a Business logistics. | |
| 650 | 0 | |a Transportation |x Planning. | |
| 650 | 0 | |a Transportation geography. | |
| 700 | 1 | |a Hall, P. V. |q (Peter V.), |d 1968- |e edt | |
| 830 | 0 | |a Transport and mobility series | |
| 852 | |a INST |b CHIOS |c EUDOXUS |e 20160824 |h 387.544 INT |p 005200037186 |q 005200037186 |t BK |y 0 | ||
| 920 | |a Εύδοξος |b Παραγγελία |y Χίος-ΤΝΕΥ |z 2016-05 | ||
| 970 | |a Σπέντζα |b Ελένη |z 24-08-2016 | ||